Paradiso. (Record no. 6813)
[ view plain ]
| 000 -LEADER | |
|---|---|
| fixed length control field | 00680cam a22002171 4500 |
| 001 - CONTROL NUMBER | |
| control field | af 49001018 |
| 003 - CONTROL NUMBER IDENTIFIER | |
| control field | DLC |
| 005 - DATE AND TIME OF LATEST TRANSACTION | |
| control field | 20260227110917.0 |
| 008 - FIXED-LENGTH DATA ELEMENTS--GENERAL INFORMATION | |
| fixed length control field | 890112s1945 be 000 1 dut c |
| 010 ## - LIBRARY OF CONGRESS CONTROL NUMBER | |
| LC control number | af 49001018 |
| 035 ## - SYSTEM CONTROL NUMBER | |
| System control number | (OCoLC)19015343 |
| 040 ## - CATALOGING SOURCE | |
| Original cataloging agency | California. Univ. Libr. |
| Transcribing agency | CU |
| Modifying agency | DLC |
| 041 1# - LANGUAGE CODE | |
| Language code of text/sound track or separate title | dut |
| Language code of original | fre |
| 042 ## - AUTHENTICATION CODE | |
| Authentication code | premarc |
| 050 00 - LIBRARY OF CONGRESS CALL NUMBER | |
| Classification number | PQ2643.L6 |
| Item number | P32 |
| 100 1# - MAIN ENTRY--PERSONAL NAME | |
| Personal name | Vlodorp, Robert van, |
| Dates associated with a name | 1908- |
| 245 10 - TITLE STATEMENT | |
| Title | Paradiso. |
| Remainder of title | [De liefderoman van een arts in de Zwitsersche bergen] |
| Statement of responsibility, etc. | Uit het Fransch vertaald door de Uitgeverij Westernis. |
| 260 ## - PUBLICATION, DISTRIBUTION, ETC. | |
| Place of publication, distribution, etc. | Antwerpen, |
| Name of publisher, distributor, etc. | Uitgeverij Westernis |
| Date of publication, distribution, etc. | [1945] |
| 300 ## - PHYSICAL DESCRIPTION | |
| Extent | 160 p. |
| Dimensions | 18 cm. |
| 440 #3 - SERIES STATEMENT/ADDED ENTRY--TITLE | |
| Title | De Briljant uitgave, |
| Volume/sequential designation | no 30 |
No items available.